| 000 | 00467nam a2200181Ia 4500 | ||
|---|---|---|---|
| 003 | OSt | ||
| 005 | 20250414092411.0 | ||
| 008 | 230104s9999||||xx |||||||||||||| ||und|| | ||
| 020 | _a978-9966-46-007-3 | ||
| 040 | _cChuka University Library | ||
| 050 |
_aPR 9381.9 _b.D7T456 1966 |
||
| 100 |
_aThiong'o, Ngugi _912298 |
||
| 245 | 2 | _aA Grain of Wheat | |
| 260 |
_aNairobi _bEAEP _c1966 |
||
| 300 | _a233p. | ||
| 650 |
_aLiterature--Fiction _912087 |
||
| 942 |
_cBK _2lcc _09 |
||
| 999 |
_c5836 _d5836 |
||